Management
The best gets better! Ed Freeman brings his expertise on strategy and ethics to our best-selling Principles of Management Text. First management text with an AIE. Stoner is generally considered to be our highest level principles text, well-balanced and well-researched. Thoroughly fine tuned cutting...
Uloženo v:
| Hlavní autor: | |
|---|---|
| Médium: | Kniha |
| Jazyk: | Undetermined |
| Vydáno: |
Englwood Cliffs, N.J.
Prentice Hall
1989
|
| Témata: | |
| Tagy: |
Přidat tag
Žádné tagy, Buďte první, kdo otaguje tento záznam!
|
| Thư viện lưu trữ: | Trung tâm Học liệu Trường Đại học Cần Thơ |
|---|
| LEADER | 00879nam a2200193Ia 4500 | ||
|---|---|---|---|
| 001 | CTU_186232 | ||
| 008 | 210402s9999 xx 000 0 und d | ||
| 082 | |a 658 | ||
| 082 | |b S877 | ||
| 100 | |a Stoner, James Arthur Finch | ||
| 245 | 0 | |a Management | |
| 245 | 0 | |c James A.F. Stoner, R. Edward Freeman | |
| 260 | |a Englwood Cliffs, N.J. | ||
| 260 | |b Prentice Hall | ||
| 260 | |c 1989 | ||
| 520 | |a The best gets better! Ed Freeman brings his expertise on strategy and ethics to our best-selling Principles of Management Text. First management text with an AIE. Stoner is generally considered to be our highest level principles text, well-balanced and well-researched. Thoroughly fine tuned cutting edge classic video cases. New theme box on managing diversity. | ||
| 650 | |a Management,Quản trị | ||
| 910 | |a Hải | ||
| 980 | |a Trung tâm Học liệu Trường Đại học Cần Thơ | ||